000 00666cam a22002411 4500
001 sa 65003745
003 DLC
005 20260227112125.0
008 921204s1963 pk 000 0 urdo
010 _asa 65003745
025 _aPL480 : P-U-681
035 _a(OCoLC)27459882
040 _aDLC
_cICU
_dDLC
042 _apremarc
050 0 0 _aBF173.F85
_bA448
100 1 _aAḥmad, Shahzād,
_d1932-2012.
245 1 0 _aMaẓhab, tahz̲īb, maut /
_cShahzād Aḥmad.
260 _aLāhaur :
_bMaktabah-i Kāravān,
_c[1963?]
300 _a182 p.
_c19 cm.
500 _aIn Urdu.
500 _aText partially vocalized.
600 1 0 _aFreud, Sigmund,
_d1856-1939
999 _c63329
_d63329